000 00918nam a2200181Ia 4500
008 100921s9999 xx 000 0 und d
082 _b6755
_a923.6 थ 65
100 _aखानोलकर गंगाधर देवराम.
245 _aवालचंद हिराचंद व्यिक्त काळ व कर्तृत्व.
260 _bशेठ वालचंद हिराचंद मेमोरियल ट्रस्ट,मुंबई.
_c1965
300 _a618
_b---
365 _b30
520 _aचरित्रे-समाजसुधारक.
630 _aवालचंद हिराचंद व्यिक्त काळ व कर्तृत्व.
650 _aचरित्रे-समाजसुधारक.
730 _aवालचंद हिराचंद व्यिक्त काळ व कर्तृत्व.
942 _cBOOK
999 _c755868
_d755865